000 00631nam a2200229Ia 4500
001 4948
003 GE_BSU
008 181216s||||||||xx |||||||||||||| ||und||
040 _cGE_BSU
080 _a621.391(075)
100 _aГоноровский, И.С.
245 _aОсновы радиотехники.
245 _bУчеб. пособие.
245 _cОтв.ред. А.И.Иванов-Цыганов.
250 _aизд. второе.
260 _aМ.
260 _bСвязьиздат.
260 _c1957.
300 _a727стр.22см.
653 _aОсновы радиотехники
942 _cBK
999 _c38690
_d38690